1555 1406 1198 1210 1391 1175 1216 1854 1920 1406 1833 1273 1381 1267 1069 1016 1422 1799 1168 1226 1254 1262 1304 1041 1797 1295 1078 1648 1695 1759 1120 1388 1197 1161 1197 1926 1790 1923 1302 1318 1412 1729 1182 1951 1291 1641 1485 1954 1217 1047 1504 1866 1160 1388 1753 1562 1319 1656 1666 1378 1315 1369 1048 1482 1439 1679 1502 1236 1332 1125 1329 1249 1978 1150 1510 1602 1548 1626 1294 1862 1637 1676 1084 1803 1535 1500 1616 1512 1653 1238 1191 1989 1811 1336 1723 1839 1738 1500 1425 BCNSPRNW ULIB Ver.6.0+V

เปลี่ยนเป็นภาษาไทย

Change to English
 แสดงรายละเอียดบรรณานุกรม
  กลับหน้าหลัก

Brief Record : Get Marc (ISO 2709) : E-mail record : QR code < ปิดหน้าต่าง
LEADER : 00000nam 2200000uu 4500
001    13399129215
003     ULIB
008    260511s2025||||th 000 0 tha d
020    ^a9781975236311
060  0 ^aWY157.3^bR491E
100 1  ^aRicci, Susan scott.
245 1  ^aEssentials of maternity, newborn, & women s health nursing /^cSusan Scott Ricci.
246 3  ^aEssentials of maternity, newborn, and women s health nursing
250    ^a6th ed.
260    ^aPhiladelphia :^bWolters Kluwer, ^c2025.
300    ^axvii, 843 p. :^bill. ;^c28 cm.
505 2  ^a^tPerspectives on Maternal, Newborn, and Women s Health Care -- Family-Centered Community-Based Care -- Anatomy and Physiology of the Female Reproductive System -- Common Gynecologic Issues -- Sexually Transmitted Infections -- Disorders of the Breasts -- Benign Disorders of the Female Reproductive Tract -- Cancers of the Female Reproductive Tract -- Violence and Abuse -- Fetal Development and Genetics -- Maternal Adaptation During Pregnancy -- Nursing Management During Pregnancy -- Labor and Birth Process -- Nursing Management During Labor and Birth -- Postpartum Adaptations -- Nursing Management During the Postpartum Period -- Newborn Transitioning -- Nursing Management of the Newborn -- Nursing Management of Pregnancy at Risk : Pregnancy-Related Complications -- Nursing Management of the Pregnancy at Risk : Selected Health Conditions and Vulnerable Populations -- Nursing Management of Labor and Birth at Risk -- Nursing Management of the Postpartum Patient at Risk -- Nursing Care of the Newborn with Special Needs -- Nursing Management of the Newborn at Risk : Congenital and Acquired Newborn Conditions.
650  2 ^aMaternal-Child Nursing^xnursing
650  2 ^aObstetric Nursing
650  2 ^aPregnancy Complications
650  2 ^aPregnancy^xComplications
650 0   ^aGynecologic nursing.
650 0   ^aMaternal-Child Nursing.
650 0   ^aMaternity nursing.
650 0   ^aObstetrical Nursing.
650 0   ^aPregnancy Complications^xNursing
999    ^aประนอม เกษจรัล
รายการนี้ยังไม่มีแท็ก
คุณยังไม่ได้ล็อกอิน คุณสามารถมีกิจกรรมร่วมกับเว็บไซต์ได้ แต่ต้องล็อกอินก่อน ::
  ล็อกอิน

รายการสื่อสารสนเทศ

ลำดับที่ ประเภท เลขเรียก/บาร์โค้ด สถานที่ สถานะ
1. Book การพยาบาล
หนังสือสำรอง
สถานะ=หนังสือสำรอง
WY157.3 R491E ฉ.1 
  Barcode: 012201
ห้องสมุดวิทยาเขตสวรรค์ประชารักษ์
►หนังสือทั่วไป
บนชั้น

รายการใกล้เคียง
    ผู้แต่ง [Ricci, Susan scott.]

    หัวเรื่อง [Obstetric Nursing]
    หัวเรื่อง [Pregnancy Complications]
    หัวเรื่อง [Pregnancy Complications]
    หัวเรื่อง [Maternity nursing.]
    หัวเรื่อง [Pregnancy Complications Nursing]

BibComment


ยังไม่เคยถูกคอมเมนท์

คอมเมนท์ทรัพยากรรายการนี้
  คอมเมนท์: Essentials of ma..


 Copyright 2026. Bcnsprnw @Library